000 00392nam a2200133Ia 4500
005 20260328101529.0
008 260328s9999||||xx |||||||||||||| ||und||
100 _aFox, Robert W.
245 0 _aTendencia del Crecimiento de la Población Urbana en América Latina /
_cRobert W. Fox
260 _bBanco Interamericano de Desarrollo
300 _a108 p.
650 _aDISEÑO URBANO
942 _cBK
999 _c9892
_d9892